Countries that begin with E - Statistics

General Stats
  • This quiz has been taken 33 times
    9 since last reset
  • The average score is 7 of 9
Answer Stats
Answer % Correct
Ecuador
100%
East Timor
89%
Eritrea
89%
Egypt
78%
El Salvador
78%
Estonia
78%
Eswatini
78%
Ethiopia
78%
Equatorial guinea/Eq guinea
67%
No matching quizzes found
Score Distribution
Percent of People with Each Score
Percentile by Number Answered
Your Score History
You have not taken this quiz since the last reset